Score 0/20 Timer 04:00
1 Play Today
% Correct
jog
93.9%
fog
91.3%
dog
91.2%
catalog
90.4%
log
90.3%
frog
89.7%
hog
89.4%
cog
87.3%
flog
86.2%
blog
86%
% Correct
snog
84.7%
bog
84.2%
waterlog
83.5%
agog
80.5%
slog
80.4%
analog
78%
grog
77.9%
polliwog
73.6%
quahog
71.1%
pettifog
63.5%
Remove Ads.
Support Sporcle.
Get the best of Sporcle when you Go Orange. This ad-free experience offers more features, more stats, and more fun while also helping to support Sporcle. Thank you for becoming a member.

You're not logged in!

Compare scores with friends on all Sporcle quizzes.
OR
Log In

Show Comments

Extras

Top Quizzes Today


Score Distribution

Your Account Isn't Verified!

In order to create a playlist on Sporcle, you need to verify the email address you used during registration. Go to your Sporcle Settings to finish the process.

Report this User

Report this user for behavior that violates our Community Guidelines.

Details: